000 00512cam a2200157 4500500
005 20260322010416.0
041 _afre
042 _adc
100 1 0 _aPitron, Guillaume
_eauthor
700 1 0 _aBello, Alice
_eauthor
245 0 0 _aUn coût énergétique bien réel
260 _c2023.
500 _a28
786 0 _nRevue des deux Mondes | Javier-Février | 1 | 2023-02-01 | p. 63-68 | 2266-4734
856 4 1 _uhttps://shs.cairn.info/revue-revue-des-deux-mondes-2023-1-page-63?lang=fr&redirect-ssocas=7080
999 _c1756347
_d1756347